| 000 | 00000nas 2200000za 4500 |
| 001 | 9.503157 |
| 003 | CaOODSP |
| 005 | 20231204082248 |
| 007 | cr ||||||||||| |
| 008 | 150406d199u200uxxc|| p o||||f| |0fre|d |
| 040 | |aCaOODSP|bfre |
| 043 | |an-cn--- |
| 086 | 1 |aIu131-1F-PDF |
| 245 | 00|aRetombées économiques des placements de capital de risque : |bsondage annuel. |
| 246 | 1 |aRetombées économiques des placements de capital de risque. Sondage annuel |
| 264 | 1|aMontréal, Québec : |bBanque de développement du Canada |
| 310 | |aAnnuel |
| 362 | 1 |aParaît depuis [1995?]; ne paraît plus après [2002?] |
| 691 | 07|aCapital de risque|2gcpds |
| 691 | 07|aPetite entreprise|2gcpds |
| 710 | 2 |aBanque de développement du Canada, |eorganisme de publication. |
| 775 | 08|tEconomic impact of venture capital : |w(CaOODSP)9.506763 |